000 01100nam a2200205 a 4500
008 150728s2012 ||||||||||||||||| || u
020 _a978-9982-26-053-4
050 _aCOMESA(058)CIR/2012A
110 _aCommon Market for Eastern and Southern Africa (COMESA)
245 1 0 _aComesa investment report 2012
_cBy Common Market for Eastern and Southern Africa [COMESA]
260 _aLusaka:
_bCommon Market for Eastern and Southern Africa (COMESA)
_c2012
300 _a57p. ill.
500 _aBibliography
650 _aREGIONAL INTEGRATION--SOUTHERN AFRICA
650 0 _aFOREIGN TRADE REGULATION
650 _aFOREIGN DIRECT INVESTMENT--COMESA
995 _aSPECIAL COLLECTIONS
_e1986
_FCBU-MAIN LIBRARY (Kitwe)
_jCOMESA(058)CIR/2012A
_M1
_UAVAILABLE
_WSep 14, 2015
_yB1986
_ZInternational Publications
995 _aSPECIAL COLLECTIONS
_e1987
_FCBU-MAIN LIBRARY (Kitwe)
_jCOMESA(058)CIR/2012B
_M2
_UAVAILABLE
_WSep 14, 2015
_yB1987
_ZInternational Publications
995 _aSPECIAL COLLECTIONS
_e1988
_FCBU-MAIN LIBRARY (Kitwe)
_jCOMESA(058)CIR/2012C
_M3
_UAVAILABLE
_WSep 14, 2015
_yB1988
_ZInternational Publications
999 _c79488
_d79488